| 000 | 00451pab a2200157 454500 | ||
|---|---|---|---|
| 008 | 180718b2001 xxu||||| |||| 00| 0 eng d | ||
| 100 | _aAini, M.S. et al | ||
| 245 | _aStudy of emergency response preparedness of hazardous material transportation | ||
| 260 | _c2001 | ||
| 300 | _ap.183-88 | ||
| 650 | _aTransport | ||
| 650 | _aDisaster prevention | ||
| 650 | _aDangerous materials | ||
| 773 | _aDisaster Prevention and Management | ||
| 909 | _a49110 | ||
| 999 |
_c49110 _d49110 |
||